[Event "Montigny le Bretonneux op 24th"]
[Site "Montigny le Bretonneux"]
[Date "2022.05.26"]
[Round "1"]
[White "Branson, James"]
[Black "Baysse, Nathan"]
[Result "1-0"]
[WhiteElo "1553"]
[BlackElo "1199"]
[PlyCount "57"]
[EventDate "2022.05.26"]
[EventType "swiss"]
[EventRounds "9"]
[EventCountry "FRA"]
[SourceTitle "CBM 208 Extra"]
[Source "ChessBase"]
[SourceDate "2022.07.31"]
[SourceVersion "1"]
[SourceVersionDate "2022.07.31"]
[SourceQuality "1"]

1. e4 e5 2. f4 exf4 3. Nf3 Bc5 4. d4 Bb6 5. Bxf4 d6 6. Bc4 Nf6 7. Nc3 Nc6 8. Qd3 Nb4 9. Bxf7+ Kxf7 10. Qc4+ Be6 11. Qxb4 Rf8 12. Ng5+ Ke7 13. Nxe6 Kxe6 14. Qc4+ d5 15. exd5+ Nxd5 16. Bg3 c6 17. 0-0-0 Qg5+ 18. Kb1 Kd7 19. Ne4 Qg6 20. Nc5+ Bxc5 21. dxc5 Ke8 22. Rhe1+ Ne7 23. Re6 Qf5 24. Rde1 Rf7 25. Bd6 Kd7 26. Rxe7+ Rxe7 27. Rxe7+ Kd8 28. Qg8+ Qf8 29. Qxf8# 1-0